00659nam a22001937a 4500003000400000005001700004008004100021020001800062245008200080260003700162440004400199653002100243653003400264653006000298653001400358700002700372700002400399856004200423OSt20221101130251.0221101b |||||||| |||| 00| 0 eng d a9781108669016 aArtificial intelligence and social workcEdited by Milind Tambe and Eric Rice bCambridge university pressc2018 aArtificial intelligence for social good aComputer Science aSocial policy and social work aArtificial intelligence and natural language processing aSociology aTambe, Milind eEditor aRice, Eric eEditor uhttps://doi.org/10.1017/9781108669016